01861cam a2200265 a 450000100100000000500170001000800410002702000150006804000180008308200190010110000380012024501590015826000840031730000310040149000380043250007230047050400560119365000330124965000420128265100540132483000460137891000340142495201220145899900150158000000591620200929151835.0020610s2002 mx a b 001 0 spa  a9681210468 aDO-SdBNPcDLC a972.017bV433r1 aVelasco Ortíz, M. Laura.91669013aEl regreso de la comunidad :bmigración indígena y agentes étnicos, los mixtecos en la frontera México-Estados Unidos /cM. Laura Velasco Ortíz. aMéxico :bEl Colegio de México. Centro de Estudios Sociológicos ;,c2002. a283 p. :bil. p. ;c21 cm.1 aCentro de Estudios Sociológicos aLos nuevos agentes étnicos en la frontera México-Estados Unidos - 1. Las Organizaciones de Migrantes: Etnicas entre las Fronteras Nacionales y las Fronteres - 2. Migracion Mixteca y Fronteras Nacionales: Mercados de trabajo y políticas estatales de control migratorio - 3. Migracion Mixteca y Fronteras Nacionales: de las asociaciones pro pueblos a las Organizaciones y pan Etnicas transnacionales - 4. Redes y Organizaciones de Migrantes: la rearticulacion de la experiencia comunitaria - 5. Los Intelectuales Indígenas y la construccion de la ética politica comunidad transnacional - 6. PUBLICAS Voces, silencios privados: Por las fronteras del genero y la etnicidad - 7. El regreso de la comunidad etnica. aIncluye referencias bibliográficas: (p. 263-283). 4aMixtecasxMigraciòn916691 4aMixtecasxCondiciones sociales916692 4aEstados UnidosxEmigraciòn E Inmigraciòn9291 0aCentro de Estudios Sociológicos.916693 aCatalogación por copia / LC 001052708MOaGRbGRcCTd2009-08-24iLF1l0o972.017 V433rp5916-10r2020-06-25w2020-06-25y2ZPréstamo interno c5712d5712